Racist violence in Europe

Αποθηκεύτηκε σε:
Λεπτομέρειες βιβλιογραφικής εγγραφής
Άλλοι συγγραφείς: Bjorgo, Tore (Επιμελητής έκδοσης), Witte, Rob (Επιμελητής έκδοσης)
Μορφή: Βιβλίο
Γλώσσα:English
Δημοσίευση: New York : St. Martin's Press, 1993
Θέματα:
Ετικέτες: Προσθήκη ετικέτας
Δεν υπάρχουν, Καταχωρήστε ετικέτα πρώτοι!

MARC

LEADER 00000nam a2200000 i 4500
001 1/99055
008 950322s1993 eng d
020 |a 0-333-60102-5 
035 |l 10011159 
040 |a GR-MY-UA  |b gre  |e aacr 
041 0 |a eng 
082 0 |a 305.80094 
245 1 0 |a Racist violence in Europe /  |c Edited by Tore Bjorgo; Rob Witte 
260 |a New York :   |b St. Martin's Press,   |c 1993 
300 |a 261 p. 
504 |a Includes bibliographical references and index 
650 0 0 |a Racism  |z Europe  |x History  |y 20th century. 
650 0 0 |a Violence  |z Europe  |x History  |y 20th century. 
650 0 0 |a Minorities  |x Crimes against  |z Europe  |x History  |y 20th century. 
651 0 |a Europe  |x Race relations. 
651 0 |a Europe  |x Ethnic relations. 
700 1 |a Bjorgo, Tore.  |4 edt 
700 1 |a Witte, Rob.  |4 edt 
852 |a INST  |b LESVOS  |e 19950322  |h 305.80094 RAC  |p 005100002129  |q 005100002129  |t BK  |y 0 
909 |a Λ  |b 039806